| 000 | 01012nam a2200265 a 4500 | ||
|---|---|---|---|
| 001 | BRL_683 | ||
| 005 | 20190320210843.0 | ||
| 008 | 240913s1956----mx-a######---#000-0#spa-# | ||
| 041 | _aspa | ||
| 044 | _amx | ||
| 050 | 4 |
_aPQ6323 _b.C47 1956 |
|
| 100 | 1 |
_aCervantes Saavedra, Miguel de _d1547-1616 _9213 |
|
| 245 | 1 | 0 |
_aEl Ingenioso Hidalgo Don Quijote de la Mancha _cpor Miguel de Cervantes Saavedra ; con notas y comentarios del Dr. Agustin Millares Carlo; Edición ilustrada por Gustavo Dore. |
| 260 |
_aMéxico _bUnión tipográfica Editorial Hispano Americana _c1956 |
||
| 300 |
_a2 v. _bil. _c29 cm. |
||
| 500 | _av.1 Au758; ev.2 Au740 | ||
| 650 | 1 | 4 |
_aNovela española _yÉpoca clásica, 1500-1700 _9215 |
| 650 | 1 | 4 |
_aLiteratura española _yÉpoca clásica, 1500-1700 _9216 |
| 650 | 1 | 4 |
_aNovela española _ySiglo XVII _9217 |
| 650 | 1 | 4 |
_aDon Quijote (Personaje ficticio) _eNovela _9218 |
| 700 | 1 |
_aMillares Carlo, Agustin _911389 |
|
| 700 | 1 |
_aDore, Gustavo _eil. _924645 |
|
| 902 | _aGRL | ||
| 942 |
_2lcc _cB |
||
| 999 |
_c9495 _d9495 |
||